Dictionary of Christian Ethics (Record no. 23)

MARC details
000 -LEADER
fixed length control field 00568nam a2200241 a 4500
020 ## - INTERNATIONAL STANDARD BOOK NUMBER
ISBN
082 00 - DEWEY DECIMAL CLASSIFICATION NUMBER
Classification number 241
Author Cutter MAC1
100 ## - MAIN ENTRY--AUTHOR NAME
Author name Macquarrie, John
245 ## - TITLE STATEMENT
Title Dictionary of Christian Ethics
260 ## - PUBLICATION, DISTRIBUTION, ETC. (IMPRINT)
Place of publication London
Name of publisher Scm Press
Year of publication 1967
300 ## - PHYSICAL DESCRIPTION
Number of Pages 366p
500 ## - GENERAL NOTE
General note includes index and biblioraphy
505 2# - FORMATTED CONTENTS NOTE
Formatted contents note Notes
650 ## - SUBJECT ADDED ENTRY--TOPICAL TERM
Topical Term Christian-Ethics
942 ## - ADDED ENTRY ELEMENTS (KOHA)
Koha item type Books
700 1# -
-- Macquarrie, John
Holdings
Collection code Home library Current library Date acquired Cost, normal purchase price Full call number Accession Number Koha item type
  Henry Martyn Institute Library Henry Martyn Institute Library 06/29/2007 45.99 241 MAC1 03614 Books
                   Copyright © 2026 | Henry Martyn Institute | Hyderabad | TS-500052 | INDIA | Implemented by hmi.edu.in
Hit-Count:

Powered by Koha